MARC

LEADER 00000nam0a2200000 4500
001 46384
005 20231031024609.0
010 |a 5947231220 
035 |a (RuTPU)RU\TPU\book\48381 
090 |a 46384 
100 |a 20030113d2002 km y0rusy50 ca 
101 0 |a rus 
102 |a RU 
105 |a a z 000zy 
200 1 |a Управление качеством на базе стандартов ИСО 9000:2000: политика, оценка, формирование, ресурсы  |f В. А. Никитин 
210 |a СПб.  |c Питер  |d 2002 
215 |a 272 с.  |c ил. 
225 1 |a Теория и практика менеджмента 
320 |a Библиогр.: с. 262. 
610 1 |a организация производства 
610 1 |a продукция 
610 1 |a услуги 
610 1 |a качество 
610 1 |a управление 
610 1 |a стандарты 
610 1 |a ИСО 9001:2000 
610 1 |a руководство 
610 1 |a ответственность 
610 1 |a документация 
610 1 |a ресурсы 
610 1 |a менеджмент 
610 1 |a процедуры 
610 1 |a программы качества 
675 |a 658.562  |v 3 
700 1 |a Никитин  |b В. А.  |g Владимир Алексеевич 
801 1 |a RU  |b 63413507  |c 20030113  |g PSBO 
801 2 |a RU  |b 63413507  |c 20090807  |g PSBO 
942 |c BK